| 000 | 00692nam a2200277Ia 4500 | ||
|---|---|---|---|
| 001 | Z_6244 | ||
| 003 | CHAP | ||
| 008 | 220113s1980 xx 000 0 und d | ||
| 010 | _a169498 | ||
| 040 | _cCHAP | ||
| 082 | _a636.5 A38 | ||
| 100 |
_aAguirre Bernal, Celso _92960 |
||
| 245 |
_aHistoria de la avicultura mexicana / _cCelso Aguirre Bernal |
||
| 260 |
_aMéxico : _b[s. n.], _c1980 |
||
| 300 | _a440 p. | ||
| 503 | _aej.1: Donación | ||
| 504 | _aBibliografía: p. 438 - 440 | ||
| 650 |
_aAvicultura _xHistoria _xMéxico _98729 |
||
| 650 |
_aProductos avícolas _992050 |
||
| 901 | _a636.5 A38 | ||
| 902 | _aM | ||
| 910 | _a1980 | ||
| 942 | _c1 | ||
| 942 | _cc1 | ||
| 999 |
_c169498 _d169498 |
||